00898nam a2200241 a 450000100100000000500170001000800410002702000150006804000250008308200160010810000260012424500970015026000450024730000440029250000540033650000290039065000170041965000270043670000270046391000380049095201130052899900150064100000451720251107110522.0090723s2006 cr 001 0 spa d a9977952264 aDO-SdBNPbspacBNPHU a372.4bU26u1 aUgalde, Evelyn91320110aUna estrategia de animación a la lectura para cada día /cEvelyn Ugalde, Kattia Muñoz. aSan José, Costa Rica :bAtabal,c2006. a120 p. ;c21 cm.g(reimpresión, 2008) aLa biblioteca posee la 2a. reimpresión del 2008 aBibliográfica : p. 120 4aLectura9408 0aLibros y lectura9151212aMuñoz, Kattia913202 aValidado. Control de calidad. MFF 001050718MOaGRbGRcHDd2009-07-23iLF1l0o372.4 U26up4517-10r2020-06-25w2020-06-25y1ZNo se presta c4326d4326